Historia de una anguila y otras historias / (Record no. 189078)

MARC details
000 -LEADER
campo de control de longitud fija 00838nam a2200217 i 4500
001 - NÚMERO DE CONTROL
campo de control 189078
003 - IDENTIFICADOR DE NÚMERO DE CONTROL
campo de control SpMaBN
005 - FECHA Y HORA DE LA ÚLTIMA TRANSACCIÓN
campo de control 20260525062938.0
008 - DATOS DE LONGITUD FIJA--INFORMACIÓN GENERAL
campo de control de longitud fija 190327s1944 ag |||| | spa d
080 ## - NÚMERO DE LA CLASIFICACIÓN DECIMAL UNIVERSAL
Número de la Clasificación Decimal Universal 821.161.1-32"18"
100 1# - ENTRADA PRINCIPAL--NOMBRE DE PERSONA
Nombre de persona Chejov, Anton Pavlovich.
9 (RLIN) 38315
245 10 - MENCIÓN DEL TÍTULO
Título Historia de una anguila y otras historias /
Mención de responsabilidad, etc. Antón Chejov ; [traducción del ruso por Saturnino Ximénez].
250 ## - MENCION DE EDICION
Mención de edición 1ª ed. popular para la colección austral.
260 ## - PUBLICACIÓN, DISTRIBUCIÓN, ETC.
Lugar de publicación, distribución, etc. [Buenos Aires] :
Nombre del editor, distribuidor, etc. Espasa-Calpe,
Fecha de publicación, distribución, etc. [1944] (
Fabricante Cía. Gral. Fabril Financiera)
300 ## - DESCRIPCIÓN FÍSICA
Extensión 152 p. ;
Dimensiones 18 cm.
490 1# - MENCIÓN DE SERIE
Mención de serie Colección austral ;
Designación de volumen o secuencia 418
700 1# - ENTRADA AGREGADA--NOMBRE PERSONAL
Nombre de persona Giménez Enrich, Saturnino.
9 (RLIN) 149333
830 0# - PUNTO DE ACCESO ADICIONAL DE SERIE-TÍTULO UNIFORME
Título uniforme Colección austral
Designación de volumen o secuencia 418
9 (RLIN) 177655
852 ## - LOCALIZACIÓN
Ubicación ES-MaACL
Número de control de estantería L-32250
Nota libre . - Donat. herederos de la bibl. de Mª del Pilar Costa Palacín
Holdings
Estatus retirado Estado de pérdida Estado de daño No para préstamo Biblioteca de origen Biblioteca actual Ubicación en estantería Fecha de adquisición Fuente de adquisición Total de préstamos Signatura topográfica completa Código de barras Visto por última vez Precio de reemplazo Tipo de ítem Koha
        Biblioteca del Ateneo de Madrid Biblioteca del Ateneo de Madrid Depósito 2 27/03/2019     L-32250 1200250 23/02/2023 23/02/2023 Libro impreso